Normal view
MARC view
Entry Personal Name
001 - CONTROL NUMBER
- control field: 74944
003 - CONTROL NUMBER IDENTIFIER
- control field: dpl
005 - DATE AND TIME OF LATEST TRANSACTION
- control field: 20241211110422.0
008 - FIXED-LENGTH DATA ELEMENTS
- fixed length control field: 241211|| aca||aabn | a|a d
040 ## - CATALOGING SOURCE
- Original cataloging agency: dpl
- Transcribing agency: dpl
100 ## - HEADING--PERSONAL NAME
- Personal name: Shukla, Ajay
670 ## - SOURCE DATA FOUND
- Source citation: Work cat.: (dpl)207518: Shukla, Ajay , The Making of Modern India: , 2023
